Welcome to CU Library Online Public Access Catalogue (OPAC)

Access to Justice (Record no. 968)

MARC details
000 -LEADER
fixed length control field 00536nam a22001457a 4500
005 - DATE AND TIME OF LATEST TRANSACTION
control field 20241109185959.0
008 - FIXED-LENGTH DATA ELEMENTS--GENERAL INFORMATION
fixed length control field 241109b |||||||| |||| 00| 0 eng d
020 ## - INTERNATIONAL STANDARD BOOK NUMBER
International Standard Book Number 9789041118806
245 ## - TITLE STATEMENT
Title Access to Justice
Remainder of title The role of Court Administrators and Lay Adjudicators in the African and Islamic Context
Statement of responsibility, etc. Edited by Elbern Stephanie and Jones-Pauly Christina
260 ## - PUBLICATION, DISTRIBUTION, ETC.
Place of publication, distribution, etc. Netherlands
Name of publisher, distributor, etc. Kluwer Law International
Date of publication, distribution, etc. 2002
300 ## - PHYSICAL DESCRIPTION
Extent xv, 257 pages
Dimensions 24.5 cm
500 ## - GENERAL NOTE
General note Includes index
650 ## - SUBJECT ADDED ENTRY--TOPICAL TERM
Source of heading or term Justice
General subdivision Netherlands
942 ## - ADDED ENTRY ELEMENTS (KOHA)
Source of classification or shelving scheme Library of Congress Classification
Koha item type Books
Suppress in OPAC No
999 ## -
-- 968
-- 968
Holdings
Withdrawn status Lost status Source of classification or shelving scheme Damaged status Not for loan Collection Home library Current library Shelving location Date acquired Total checkouts Full call number Barcode Date last seen Copy number Price effective from Koha item type
    Library of Congress Classification     Non-fiction Law Library (Christ Temple) Law Library (Christ Temple) General stacks 12/16/2024   KQC459.A925 ACC llct00000147 12/16/2024 2 12/16/2024 Books
    Library of Congress Classification     Non-fiction Law Library (Miotso) Law Library (Miotso) General stacks 11/09/2024   KQC459.A925 ACC LLM00000817 11/09/2024 1 11/09/2024 Books
© 2023-2024 Copyright: Central University Libraries. All Rights Reserved | Created by: Mahone Tech Office